000 01834nam a2200241Ia 4500
000 02389naaa 00361uu
001 https://directory.doabooks.org/handle/20.500.12854/30111
005 20211222141001.0
008 211013s9999 xx 000 0 und d
024 _a10.1525/luminos.60
042 _adc
100 1 _aLim, Sungyun
245 0 _aRules of the House : Family Law and Domestic Disputes in Colonial Korea
260 _bUniversity of California Press
_c2019
520 _aRules of the House examines the transformation of the Korean family during and after Japanese colonial rule. Through in-depth reading of civil litigation records, the book shows how the Japanese colonial legal system transformed Korean families from the traditional patrilineal family system into small, patriarchal households. The new domestic pattern proved remarkably durable, forming the basis of postcolonial family life. Women feature prominently in the book. Increasingly marginalized by patriarchy, women embodied the fault line between one family system as it receded and the other as it expanded under the auspices of Japanese colonial law. As a consequence, women's rights to family property, inheritance, divorce, and adoption of heirs were frequently challenged by family members. Far from being quiet victims, these women brought their cases to the colonial courts and won a surprising number of cases. The book highlights how legal discourse about women's rights in colonial civil courts articulated the transformation of the family.
540 _aCreative Commons
653 _aHistory
856 _uhttps://directory.doabooks.org/handle/20.500.12854/30111
856 _uhttps://library.oapen.org/bitstream/20.500.12657/43712/1/external_content.pdf
856 _uwww.oapen.org
942 _cE-BOOK
999 _c52197
_d52197